| 000 | 00375nam a2200157Ia 4500 | ||
|---|---|---|---|
| 008 | 230312s9999||||xx |||||||||||||| ||und|| | ||
| 020 | _a0-02-421932-0 | ||
| 082 |
_a658.83 _bTUL-M |
||
| 100 | _aTull;Donald.S | ||
| 245 | 0 | _aMarketing Research | |
| 260 |
_bMacmillan _aUSA _c1993 |
||
| 300 | _a863 | ||
| 546 | _aEng. | ||
| 650 |
_aManagement _vMarketing Research |
||
| 942 | _cBK | ||
| 999 |
_c7348 _d7348 |
||